Normal view
MARC view
Entry Personal Name
001 - CONTROL NUMBER
- control field: 775403
003 - CONTROL NUMBER IDENTIFIER
- control field: OSt
005 - DATE AND TIME OF LATEST TRANSACTION
- control field: 20250508163453.0
008 - FIXED-LENGTH DATA ELEMENTS
- fixed length control field: 250508|| aca||aabn | a|a d
040 ## - CATALOGING SOURCE
- Original cataloging agency: OSt
- Transcribing agency: OSt
100 ## - HEADING--PERSONAL NAME
- Personal name: Bedi Dilip
670 ## - SOURCE DATA FOUND
- Source citation: Work cat.: (OSt)1383505: Bedi Dilip, Teacher education in India : The emerging scenario, 1992
